Statistics for Foods Starting with H

Click here to take the quiz!

General Stats

  • This quiz has been taken 174 times
  • The average score is 8 of 15

Answer Stats

Answer% Correct
Ham
99%
Hamburger
99%
Hot Dog
98%
Honey
97%
Hot Chocolate
87%
Hummus
82%
Hazelnut
73%
Hot Sauce
59%
Honeydew
55%
Hash Browns
33%
Honey Mustard
18%
Horseradish
15%
Hot Pockets
6%
Hoisin Sauce
3%
Honey Roasted Peanuts
2%

Score Distribution

Percentile by Number Answered

Percent of People with Each Score

Your Score History

You have not taken this quiz